Word Ladder: Demonyms Quiz Stats

 Plays Quiz Updated Apr 1, 2013

Challenge
Share
Tweet
Embed
Score 0/46 Timer 04:00
0 Plays Today
Clue Word % Correct
Native of Scotland•SCOT•
95.7%
Fired a gunSHOT
95.6%
Native of Britain•BRIT•
93.3%
Native of Thailand•THAI•
92.9%
Chimney residueSOOT
92%
Spoilt ChildBRAT
91.4%
Finished or completedDONE
89.6%
Native of Turkey•TURK•
89.4%
Native of Denmark•DANE•
89%
Arrange systematicallySORT
87.7%
A spectacle or displaySHOW
86.2%
Native of Poland•POLE•
86.1%
Underwear itemsBRAS
86.1%
Tender or painfulSORE
85%
It follows 'Tick'TOCK
84.6%
Homer's sonBART
84%
British term for 'toilets'LOOS
83.8%
Natives of Laos !•LAOS•
82.3%
Fluffy scarves of feathersBOAS
82.3%
George Bernard (Playwright)SHAW
82.2%
MeltTHAW
81.9%
Sounds of disapprovalBOOS
81.2%
A husband's partnerWIFE
80.4%
Clue Word % Correct
Sit for a paintingPOSE
78.4%
Lure or entrap BAIT
78%
Unit of perceived loudnessSONE
77.5%
Discover somethingFIND
76.9%
Stitched fold in a garmentTUCK
76.8%
Move quicklyDART
75.3%
Have courage forDARE
74.9%
Small horsePONY
74.1%
Native of Finland•FINN•
73.5%
American presidentPOLK
71.6%
Lie or wait in concealmentLURK
71.2%
Scar left in the skin POCK
68.2%
Wireless FidelityWI FI
64.5%
Arrangement of flowersPOSY
63.6%
Ulrich (Metallica drummer)LARS
62.6%
Play or frolic cheerfullyLARK
61.2%
Leaking website !WIKI
56.7%
Displaying affection towardsFOND
54.1%
Expensive plonk [Pt 1]FINE
54.1%
Expensive plonk [Pt 2]WINE
50.5%
Native of New Zealand•KIWI•
49.9%
Amy (Dr Who assistant)POND
49.6%
Dee (Elton John duet singer)KIKI
44.7%

Today's Daily Dose

Quick Pick
The Muppets

On This Day
December 19th II

You're not logged in!

Compare scores with friends on all Sporcle quizzes.
OR
Log In

You Might Also Like...

Show Comments

Extras

Top Quizzes Today


Score Distribution

Your Account Isn't Verified!

In order to create a playlist on Sporcle, you need to verify the email address you used during registration. Go to your Sporcle Settings to finish the process.

Report this User

Report this user for behavior that violates our Community Guidelines.

Details: